Kelsen : estudio crítico de la teoría pura del derecho y del estado de la Escuela de Viena / Luis Legaz y Lacambra ; prólogo de Luis Recasens Siches estudio crítico de la teoría pura del derecho y del estado de la Escuela de Viena / Luis Legaz y Lacambra ; prólogo de Luis Recasens Siches
Descripción Física:
371 p. ; 23 cm
Otros Autores:
Recasens Siches, Luis, 1903-1977
Materias:
Dret -- Filosofia
MARC
| LEADER | 00000nam a2200000Ia 4500 | ||
|---|---|---|---|
| 001 | 749 | ||
| 008 | 160829s1933 xx 000 0 cat d | ||
| 080 | |a D-1-81 | ||
| 100 | |a Legaz Lacambra, Luis |9 24968 |e autor | ||
| 245 | |a Kelsen : |b estudio crítico de la teoría pura del derecho y del estado de la Escuela de Viena / Luis Legaz y Lacambra ; prólogo de Luis Recasens Siches | ||
| 260 | |a Barcelona : |b Librería Bosch, |c 1933 | ||
| 300 | |a 371 p. ; |c 23 cm | ||
| 650 | 0 | |a Dret |x Filosofia |9 29064 | |
| 700 | 1 | |a Recasens Siches, Luis, |d 1903-1977 |e autor del pròleg |9 25387 | |
| 901 | |a Arxiu | ||
| 942 | |n 1 |2 udc | ||
| 952 | |0 0 |1 0 |4 0 |6 D181 |7 1 |9 45031 |a Arxiu |b Arxiu |d 2016-12-01 |l 0 |o D-1-81 |p 749 |r 2016-12-01 00:00:00 |w 2016-12-01 |y ARXIU | ||
| 999 | |c 47651 |d 47651 | ||